Ginger Dishes - Sudden Death - Statistics

General Stats
  • This quiz has been taken 44 times
  • The average score is 6 of 16
Answers on the Grid
Answers color-coded by a green-red scale on the quiz's grid according to % correct below.
Teriyaki chicken
Ginger beef
Sushi
General Tso's chicken
Ginataang tilapia
Yorkshire parkin
Betutu
Dosa and adrak ki chutney
Dongpo pork
Kelewele
Bulgogi
Phở
Jerk chicken
Akoho misy sakamalao
Peanut drops
Gingerbread man
Brownie
Japanese-style peanuts
Cacio e pepe
Sakuramochi
Hummus
Pâté chinois
Waldorf salad
New York pepperoni pizza
Pad kaprow / Pad kaprao
Tom yum
Club sandwich
Tournedos Rossini
 
Answer Stats
Answer % Correct
Ginger beef
78%
Gingerbread man
72%
Teriyaki chicken
56%
General Tso's chicken
53%
Dosa and adrak ki chutney
50%
Jerk chicken
50%
Dongpo pork
41%
Ginataang tilapia
38%
Bulgogi
34%
Phở
34%
Sushi
34%
Peanut drops
28%
Yorkshire parkin
28%
Kelewele
19%
Akoho misy sakamalao
16%
Betutu
16%
No matching quizzes found
Score Distribution
Percent of People with Each Score
Percentile by Number Answered
Your Score History
You have not taken this quiz